Ativismo judicial, justiȧ do trabalho, e o contexto da sociedade da informaȯ̂

Detalles Bibliográficos
Autor principal: Rodrigues Corrå, Joel
Formato: eBook
Lenguaje:portugués
Publicado: San Pablo: Editora NELPA, 2013
Materias:
Acceso en línea:Acceso restringido

MARC

LEADER 00000nam a22000007a 4500
005 20150301195552.0
007 cr|||| ||||
008 150301s2013 br |||||s|||| 00||0 por d
020 |a 978-85-8020-298-4 
035 |a 12619 
040 |a vLex 
090 |c 5367  |d 5367 
100 1 |a Rodrigues Corrå, Joel 
245 1 0 |a Ativismo judicial, justiȧ do trabalho, e o contexto da sociedade da informaȯ̂  |h [Recurso electrn̤ico] /  |c Joel Rodrigues Corrå 
256 |a Servicio en ln̕ea 
260 |a San Pablo:  |b Editora NELPA,  |c 2013 
300 |a 1 recurso electrn̤ico 
500 |a O presente trabalho ̌fruto dos estudos realizados para elaboraȯ̂ da dissertaȯ̂ de Mestrado apresentada pelo autor ̉Banca Examinadora nas Faculdades Metropolitanas Unidas (FMU) em agosto de 2012, da qual decorreu sua titulaȯ̂ como Mestre em Direito. 
506 1 |a Disponible solo en los productos indicados  |d vLex Global  |d vLex Global (Academic Edition, excluding Law Schools)  |d vLex Global (U.S. Academic Edition, Law Schools)  |d vLex Global (U.S. Academic Edition, excluding Law Schools)  |d vLex Global (Academic Edition, Law Schools) 
650 0 4 |a Derecho Laboral y Seguridad Social  |z Brasil 
740 0 |a vLex Libros (Servicio en ln̕ea) 
856 4 0 |u http://vlex.com/source/ativismo-judicial-justi-a-do-trabalho-e-o-contexto-da-sociedade-da-informa-o-12619  |z Acceso restringido 
942 |c BOOK 
999 0 |a Labor and Social Security